Japanese Triple and Double Crown Horses - Statistics

General Stats
  • This quiz has been taken 7 times
  • The average score is 16 of 34
Answer Stats
Hint Answer % Correct
2000 Air Shakur
100%
2020 Contrail
100%
2005 Deep Impact
100%
2012 Gold Ship
100%
1983 Mr. C.B.
100%
1994 Narita Brian
100%
2011 Orfevre
100%
1941 Saint Lite
100%
1998 Seiun Sky
100%
1984 Symboli Rudolf
100%
1991 Tokai Teio
100%
2015 Duramente
75%
1992 Mihono Bourbon
75%
2003 Neo Universe
75%
1964 Shinzan
75%
1997 Sunny Brian
50%
1951 Tokino Minoru
50%
1981 Katsu Top Ace
25%
2006 Meisho Samson
25%
1953 Bostonian
0%
1954 Dainana Hoshu
0%
1971 Hikaru Imai
0%
1975 Kaburaya O
0%
1974 Kitano Kachidoki
0%
1960 Kodama
0%
1950 Kumono Hana
0%
1943 Kurifuji
0%
1952 Kurino Hana
0%
1963 Meizui
0%
1985 Miho Shinzan
0%
1987 Sakura Star O
0%
1973 Take Hope
0%
1970 Tanino Moutiers
0%
1949 Tosa Midori
0%
No matching quizzes found
Score Distribution
Percent of People with Each Score
Percentile by Number Answered
Your Score History
You have not taken this quiz